Central Library OPAC University of Rajshahi

ঘাসের বনে ছোট্ট কুটীর / (Record no. 49120)

MARC details
000 -LEADER
fixed length control field 01069nam a2200241 a 4500
001 - CONTROL NUMBER
control field 49120
003 - CONTROL NUMBER IDENTIFIER
rucl marc code BD-RjUL
005 - DATE AND TIME OF LATEST TRANSACTION
control field 20211209054634.0
008 - FIXED-LENGTH DATA ELEMENTS--GENERAL INFORMATION
fixed length control field 160817s1962 bg ||||| |||| 00| 0 ben d
020 ## - INTERNATIONAL STANDARD BOOK NUMBER
Terms of availability : PRs.3.00
035 ## - SYSTEM CONTROL NUMBER
System control number (BD-RjUL)49239
040 ## - CATALOGING SOURCE
Original cataloging agency BD-RjUL
Language of cataloging ben
Transcribing agency BD-RjUL
Modifying agency BD-RjUL
041 ## - LANGUAGE CODE
Language code of text/sound track or separate title ben
082 ## - DEWEY DECIMAL CLASSIFICATION NUMBER
Edition number 23
Classification number 813
Author mark and year WIG 1962
100 ## - MAIN ENTRY--PERSONAL NAME
Personal name ওয়াইল্ডার, লরা ইঙ্গল্‌স্‌
9 (RLIN) 147360
245 10 - TITLE STATEMENT
Title ঘাসের বনে ছোট্ট কুটীর /
Statement of responsibility, etc. মূল : লরা ইঙ্গল্‌স্‌ ওয়াইল্ডার , অনুবাদ : আতোয়ার রহমান
260 ## - PUBLICATION, DISTRIBUTION, ETC. (IMPRINT)
Place of publication, distribution, etc. ঢাকা :
Name of publisher, distributor, etc. সবুজ লাইব্রেরী,
Date of publication, distribution, etc. ১৯৬২
300 ## - PHYSICAL DESCRIPTION
Pagination ২৮৭ পৃ. :
Illustrations চিত্র ;
Size ২৩ সেমি.
650 ## - SUBJECT ADDED ENTRY--TOPICAL TERM
Topical term or geographic name as entry element ইংরেজি আমেরিকান উপন্যাস
9 (RLIN) 147704
Topical term or geographic name as entry element American fiction in english
9 (RLIN) 147362
700 ## - ADDED ENTRY--PERSONAL NAME
Personal name রহমান, আতোয়ার : অনুবাদ
942 ## - ADDED ENTRY ELEMENTS (KOHA)
Source of classification or shelving scheme Dewey Decimal Classification
Koha item type Books
Holdings
Lost status Source of classification or shelving scheme Damaged status Not for loan Collection code Permanent Location Current Location Shelving location Date acquired Source of acquisition Cost, normal purchase price Total Checkouts Full call number Date last seen Copy number Koha item type
  Dewey Decimal Classification     Fiction Central Library, University of Rajshahi Central Library, University of Rajshahi   12/02/1965 Ideal Library, Dhaka. 3.00   B 813 WIG 1962 17/08/2016 C-2 Books